000 00401cam a22001217a 4500
008 180718b xxu||||| |||| 00| 0 eng d
082 _aR220658x54 In/1977-79
245 _aReport on selected manufacturing industries
_cby Ministry of Labour and Rehabilitation
260 _aChandigarh
_bGovernment of India
_c
300 _av.p.
500 _a1974-79
700 _aIndia. Ministry of Labour and Rehabilitation
999 _c496058
_d496058